Degré d'alcool - Statistiques

Statistiques générales
  • Ce quiz a été pris 113 fois
  • Le résultat moyen est 8 sur 20
Statistiques - réponses
Alcool Degré % % Correct
Jack Daniels Whisky 40
81%
Jägermeister 35
75%
Captain Morgan Rhum 35
68%
Absolut Vodka 40
57%
Heineken 5
52%
Poliakov Vodka 37.5
50%
Get 27 21
49%
Passoa 17
45%
Get 31 24
42%
Ricard Pastis de Marseille 45
40%
Menthe-Pastille 24
36%
Tequila San Jose 35
30%
Rhum Charrette blanc 49
30%
Gin Bombay Sapphire 40
29%
Poliakov Vodka Cherry 32
27%
Mega Démon bière 16
26%
Amsterdam Maximator 11.6
23%
Grimbergen Blonde 6.7
19%
La Goudale blonde 7.2
19%
Grimbergen Ambrée 6.5
13%
Aucun quiz correspondant
Distribution des résultats
% des personnes avec chaque résultat
Percentile par nombre de réponses
Votre historique - résultats
Vous n’avez pas pris ce quiz